00646nam a2200241Ia 4500008004100000020001600041050000900057050001600066100002300082245005000105245007500155250001100230260001200241260002100253260000900274300002200283300001700305300001100322500002600333650002300359650001100382650001100393170203s9999 xx 000 0 und d a0-439394651 aFic  b.H681t 2001 aHoberman, Mary Ann aThere Once Was a Man Named Michael Finnegan / cadapted by Mary Ann Hoberman ; illustrated by Nadine Bernard Westcott. a1st ed aU.S.A : bScholastic Inc., c2001 a1 v. (unpaged) :  bcol. ill. ;  c28 cm. a"Megan Tingley Books" aChildren's songs-- aSongs. xTexts.